000 00305nam a22001337a 4500
008 170420b xxu||||| |||| 00| 0 eng d
020 _a9780073383231
041 _aeng
080 _27 ED
_a573
100 _a573
101 _aSHM
245 _aUNDERSTANDING EVOLUTION
_cROSENBAUN.P.A
942 _2udc
_cBK
999 _c11372
_d11372